| 000 | 00640nam a2200229Ia 4500 | ||
|---|---|---|---|
| 003 | IIN | ||
| 005 | 20250502123204.0 | ||
| 008 | 231217s2019 xx ca 001 0 eng d | ||
| 020 |
_cRs.750.00 _a9789389129021 |
||
| 040 |
_aIIN _bEnglish |
||
| 082 |
_a610.73071 _bCLE |
||
| 100 | 1 | _aClement, Nisha | |
| 245 | 1 |
_aEssentials of Communication and Education Technology / _cNisha Clement |
|
| 250 | _a2nd ed | ||
| 260 |
_bJaypee _aNew Delhi _c2019 |
||
| 300 | _axv, 428 p. | ||
| 500 | _aIncludes Index | ||
| 650 | 1 |
_aEducation _vNursing |
|
| 650 | 1 |
_aCommunication and Educational _vTechnology |
|
| 650 | 1 |
_aTechnology _vEducation |
|
| 942 | _cBOOK | ||
| 999 |
_c301 _d301 |
||